| 000 | 03112nam0a2200409 4500 | ||
|---|---|---|---|
| 001 | RU\NLR\BIBL_A\012926581 | ||
| 005 | 20230915095554.0 | ||
| 010 |
_a978-5-9955-0989-9 _91500 |
||
| 021 |
_aRU _bКН-П-22-065398 _9КН-П-22-5669 |
||
| 035 | _a(NLR Aleph) 012926581 | ||
| 035 | _a(RuMoRGB)011227733 | ||
| 090 |
_a12661087 _c12661087 |
||
| 100 | _a20221031d2022 u y0rusy50 ca | ||
| 101 | 1 |
_arus _ceng |
|
| 102 | _aRU | ||
| 105 | _ac z 000za | ||
| 181 | 0 |
_ai _baxxe |
|
| 182 | 0 | _an | |
| 200 | 1 |
_aДневники _iЯ могу объяснить многое _fНикола Тесла _gперевод с английского С. Йовановича |
|
| 203 |
_aТекст _bвизуальный _cнепосредственный |
||
| 210 |
_aМосква _cЯуза-пресс _d2022 |
||
| 215 |
_a268, [3] с. _cпортр. _d22 |
||
| 225 | 1 | _aЭпохальные мемуары | |
| 225 | 1 | _aСокровенные мемуары | |
| 330 | _aВпервые бесценные воспоминания великого ученого и изобретателя Николы Теслы стали достоянием общественности. Его открытия и научные прогнозы не потеряли своей актуальности до сих пор. Более того - многое, о чем говорил ученый, стало понятным только в XXI веке, а что-то остается загадкой и сейчас. В том, что дневники впервые опубликованы в России, стране, к которой Никола Тесла относился с огромным уважением, можно усмотреть знак судьбы. Случайно ли пожар 1895 года, погубил лабораторию Теслы? Что связывало гения с русским ученым Михаилом Филипповым, изобретателем "лучей смерти"? Филадельфийский эксперимент. Мировая система беспроводной передачи энергии. Как все происходило и происходило ли на самом деле?Дневники гения, много лет хранившиеся в архиве ФБР, не только проливают свет на его открытия, но и раскрывают тайны этой поистине магической личности, сумевшей опередить время | ||
| 333 | _a16+ | ||
| 600 | 1 |
_aТесла _bН. _f1856 - 1943 _gНикола _jДневники _91761389 _3RU\NLR\AUTH\661085182 |
|
| 675 |
_a[537 _v4 |
||
| 675 |
_a621.3](497.11 _v4 |
||
| 675 |
_a73)(093.3) _v4 |
||
| 686 | 1 | _aВ3д(4Ю4С)Тесла | |
| 686 | 1 | _aЗ2д(4Ю4С)Тесла | |
| 700 | 1 |
_7ca _8rus _aТесла _bН. _f1856-1943 _gНикола _931830 _3RU\NLR\AUTH\7748895 |
|
| 942 | _cBOOK | ||
| 980 | _aNB | ||